| 000 | 00722nam a2200181 i 4500 | ||
|---|---|---|---|
| 001 | 109680 | ||
| 003 | ES-MaACL | ||
| 005 | 20230906184904.0 | ||
| 007 | t| | ||
| 008 | 061121s1931 po r ||||1| por d | ||
| 245 | 0 | 0 |
_aColonia de Moçambique, territoire de Manica et Sofala _b: (sous l'administration de la `Companhia de Moçambique`) (Administration et Finances). |
| 260 |
_aLisboa : _bSocièdade Nacional de Tipografia, _c1931. |
||
| 300 |
_a15 p., [8] h. de lám. ; _c24 cm. |
||
| 500 | _aEn port.: Édition pour L'Exposition Coloniale Internationale de 1931 à Paris. | ||
| 651 | 4 |
_aMozambique. _9137265 |
|
| 711 | 2 |
_aExposition Coloniale Internationale ( _d1931. _cParis) _9163648 |
|
| 852 |
_aES-MaACL _j1821-F-17 |
||
| 999 |
_c109680 _d109680 |
||